[Event "4NCL/Div1d/CAMB1 vs. NWE1"]
[Site "Staverton Park ENG"]
[Date "2009.05.02"]
[Round "9.3"]
[White "Dearing, Eddie"]
[Black "Hague, Ben"]
[Result "1-0"]
[WhiteElo "2394"]
[BlackElo "2282"]
[PlyCount "71"]
[EventDate "2009.05.02"]
[EventType "team"]
[EventRounds "11"]
[EventCountry "ENG"]
[SourceDate "2008.10.04"]

1. d4 d5 2. c4 Nc6 3. Nc3 Nf6 4. Nf3 dxc4 5. Bg5 Nd5 6. e4 Nb6 7. d5 Nb8 8.
Bxc4 g6 9. Bb3 Bg7 10. Qd2 Bg4 11. Qf4 f5 12. exf5 Bxf3 13. Qxf3 Rf8 14. g4
N8d7 15. O-O-O Ne5 16. Qh3 h6 17. Bxh6 Bxh6+ 18. Qxh6 Qd6 19. Ne4 Qb4 20. Qf4
Nbc4 21. Rd4 gxf5 22. gxf5 O-O-O 23. Nd2 Nd3+ 24. Rxd3 Nxb2 25. Rd4 Qc3+ 26.
Kb1 Nd3 27. Rxd3 Qxd3+ 28. Bc2 Qxd5 29. Nf3 Qb5+ 30. Ka1 Qc5 31. Rc1 Qxf2 32.
f6 exf6 33. Bf5+ Kb8 34. Qxc7+ Ka8 35. Be4 Rb8 36. Rb1 1-0

[Event "4NCL/Div1d/CAMB1 vs. NWE1"]
[Site "Staverton Park ENG"]
[Date "2009.05.02"]
[Round "9.4"]
[White "Hulmes, David I"]
[Black "Pinter, Gabor"]
[Result "0-1"]
[WhiteElo "2220"]
[BlackElo "2356"]
[PlyCount "90"]
[EventDate "2009.05.02"]
[EventType "team"]
[EventRounds "11"]
[EventCountry "ENG"]
[SourceDate "2008.10.04"]

1. e4 c5 2. Nf3 e6 3. d4 cxd4 4. Nxd4 Nf6 5. Nc3 d6 6. Bc4 a6 7. Bb3 Nbd7 8.
Be3 Nc5 9. f3 Qc7 10. Qd2 b5 11. g4 Be7 12. g5 Nfd7 13. O-O-O Nb6 14. h4 Bd7
15. h5 b4 16. Nb1 a5 17. Qe2 a4 18. Bc4 Nxc4 19. Qxc4 Qb7 20. g6 Rc8 21. gxf7+
Kxf7 22. Qe2 b3 23. Nc3 bxa2 24. Nxa2 Rb8 25. c3 a3 26. b4 Rhc8 27. Kd2 Na4 28.
Rc1 e5 29. Nf5 Bxf5 30. exf5 Qd5+ 31. Ke1 Nb2 32. Ra1 h6 33. Kf2 Bf6 34. Qd2
Qc6 35. Rhc1 Nc4 36. Qc2 Bh4+ 37. Ke2 Rb5 38. f6 Bxf6 39. Qg6+ Ke7 40. Rg1 e4
41. fxe4 Ne5 42. Qg2 Qc4+ 43. Kd1 Qd3+ 44. Bd2 Nc4 45. Kc1 Rg5 0-1

[Event "4NCL/Div1d/CAMB1 vs. NWE1"]
[Site "Staverton Park ENG"]
[Date "2009.05.02"]
[Round "9.5"]
[White "Moskovic, David M"]
[Black "Redmond, John"]
[Result "1/2-1/2"]
[WhiteElo "2304"]
[BlackElo "2199"]
[PlyCount "122"]
[EventDate "2009.05.02"]
[EventType "team"]
[EventRounds "11"]
[EventCountry "ENG"]
[SourceDate "2008.10.04"]

1. e4 e6 2. d4 d5 3. e5 c5 4. c3 Nc6 5. Nf3 Bd7 6. Be2 Nge7 7. Na3 Ng6 8. Nc2
f6 9. exf6 Qxf6 10. Bg5 Qf7 11. O-O cxd4 12. cxd4 Bd6 13. Qd2 O-O 14. Rad1 Rac8
15. Bd3 Nf4 16. Bxf4 Bxf4 17. Ne3 g6 18. Bb5 Qg7 19. Qe2 a6 20. Ba4 b5 21. Bb3
Qh6 22. Ng4 Qg7 23. g3 Bd6 24. Rfe1 Bb4 25. Rf1 Bd6 26. Qe3 Kh8 27. Ng5 Rce8
28. f4 Bb8 29. Kg2 Ba7 30. Nf3 Na5 31. Nge5 Bc8 32. Rc1 Nc4 33. Nxc4 dxc4 34.
Bc2 Bb7 35. Be4 Bd5 36. Bxd5 exd5 37. Ne5 Bb6 38. Rf3 Re7 39. g4 Rfe8 40. Rd1
Qf6 41. Qf2 Rf8 42. Qc2 Bc7 43. Rdf1 Bb6 44. Qd2 Kg8 45. f5 g5 46. Re1 Rfe8 47.
Rfe3 Bc7 48. Qe2 Kg7 49. b4 a5 50. a3 axb4 51. axb4 Bd6 52. Qb2 Kh8 53. Qc3 Bb8
54. Nd7 Qd6 55. Nxb8 Rxe3 56. Rxe3 Rxe3 57. Qxe3 Qxb8 58. f6 Qf8 59. Qe5 h6 60.
f7+ Kh7 61. Qxd5 Qxb4 1/2-1/2

[Event "4NCL/Div1d/CAMB1 vs. NWE1"]
[Site "Staverton Park ENG"]
[Date "2009.05.02"]
[Round "9.6"]
[White "Jaunooby, Ali"]
[Black "Alfred, Nathan"]
[Result "0-1"]
[WhiteElo "2162"]
[BlackElo "2295"]
[PlyCount "62"]
[EventDate "2009.05.02"]
[EventType "team"]
[EventRounds "11"]
[EventCountry "ENG"]
[SourceDate "2008.10.04"]

1. d4 Nf6 2. c4 g6 3. g3 Bg7 4. Bg2 O-O 5. Nc3 d6 6. e3 Nbd7 7. Nge2 e5 8. h3
Re8 9. g4 Nf8 10. d5 a6 11. a4 a5 12. Ng3 N6d7 13. h4 Nc5 14. e4 c6 15. Be3 Qb6
16. dxc6 bxc6 17. Qxd6 Qxb2 18. Rc1 Nfe6 19. O-O Rd8 20. Qxc6 Bd7 21. Qd6 Be8
22. Bxc5 Rxd6 23. Bxd6 Nf4 24. Nb5 Rd8 25. Rfd1 Bxb5 26. cxb5 Bf8 27. Rb1 Qc2
28. Rdc1 Qxa4 29. Bc7 Rd2 30. b6 Rxf2 31. Bf1 Qa2 0-1

[Event "4NCL/Div1d/CAMB1 vs. NWE1"]
[Site "Staverton Park ENG"]
[Date "2009.05.02"]
[Round "9.7"]
[White "Churm, Rohan M"]
[Black "Connor, Stephen J"]
[Result "1-0"]
[WhiteElo "2178"]
[BlackElo "2060"]
[PlyCount "75"]
[EventDate "2009.05.02"]
[EventType "team"]
[EventRounds "11"]
[EventCountry "ENG"]
[SourceDate "2008.10.04"]

1. e4 c5 2. Nc3 Nc6 3. g3 g6 4. Bg2 Bg7 5. d3 e6 6. Be3 d6 7. Qd2 Nd4 8. Nd1
Ne7 9. c3 Ndc6 10. Nf3 Qa5 11. Bh6 O-O 12. h4 f6 13. Bxg7 Kxg7 14. Ne3 d5 15.
exd5 exd5 16. d4 Be6 17. O-O Rad8 18. Rfe1 Rd6 19. dxc5 Qxc5 20. b4 Qb6 21. Nc4
Qd8 22. Nxd6 Qxd6 23. b5 Nd8 24. Qe3 Nc8 25. Nd4 Bd7 26. a4 Rf7 27. Rad1 Nb6
28. Nb3 Qa3 29. Nc5 Bg4 30. Bxd5 Nxd5 31. Rxd5 b6 32. Qe8 bxc5 33. Rxd8 Qxc3
34. Qg8+ Kh6 35. Rde8 Rd7 36. R8e7 Rxe7 37. Rxe7 Qc1+ 38. Kh2 1-0

[Event "4NCL/Div1d/CAMB1 vs. NWE1"]
[Site "Staverton Park ENG"]
[Date "2009.05.02"]
[Round "9.8"]
[White "Morrison, Lynne"]
[Black "Kourtseva, Julie"]
[Result "1-0"]
[WhiteElo "1918"]
[BlackElo "1815"]
[PlyCount "71"]
[EventDate "2009.05.02"]
[EventType "team"]
[EventRounds "11"]
[EventCountry "ENG"]
[SourceDate "2008.10.04"]

1. d4 d5 2. Nf3 Nf6 3. e3 Bg4 4. c4 c6 5. Qb3 Qc7 6. Ne5 a6 7. Nxg4 Nxg4 8. h3
Nf6 9. Nc3 e6 10. Bd2 Nbd7 11. Rc1 Qb6 12. Qc2 Be7 13. b3 O-O 14. Bd3 Rac8 15.
Qb1 Rfe8 16. O-O Qd8 17. f4 Nf8 18. b4 b6 19. cxd5 cxd5 20. Bxa6 Ra8 21. Bd3
N6d7 22. Nb5 Rc8 23. Rxc8 Qxc8 24. Rc1 Qb8 25. Qc2 Nf6 26. Qc7 Qa8 27. Qc2 Qb8
28. a4 Bd8 29. Qc8 Be7 30. Qc6 Qa8 31. Qc2 Bd8 32. Ra1 Be7 33. Nc7 Qc8 34. Nxe8
Qxc2 35. Nxf6+ Bxf6 36. Bxc2 1-0

[Event "4NCL/Div1d/SWD1 vs. BET"]
[Site "Staverton Park ENG"]
[Date "2009.05.04"]
[Round "11.1"]
[White "Cooper, John G"]
[Black "Hunt, Adam C"]
[Result "1/2-1/2"]
[WhiteElo "2350"]
[BlackElo "2433"]
[PlyCount "76"]
[EventDate "2009.05.04"]
[EventType "team"]
[EventRounds "11"]
[EventCountry "ENG"]
[SourceDate "2008.10.04"]

1. Nf3 Nf6 2. g3 g6 3. Bg2 Bg7 4. O-O O-O 5. c4 d5 6. cxd5 Nxd5 7. d4 Nb6 8.
Nc3 Nc6 9. e3 e5 10. d5 Ne7 11. e4 f5 12. Qb3 Kh8 13. Rd1 fxe4 14. Ng5 Nf5 15.
Ncxe4 Nd4 16. Rxd4 exd4 17. Nc5 Qe7 18. Nge6 Bxe6 19. Nxe6 Rf5 20. Bf4 Be5 21.
Bh3 Rxf4 22. gxf4 Bf6 23. Rc1 Rc8 24. a4 Qd6 25. Rc5 Re8 26. Qb5 c6 27. dxc6
Rxe6 28. c7 Re1+ 29. Kg2 Qxf4 30. c8=Q+ Nxc8 31. Rxc8+ Kg7 32. Qxb7+ Kh6 33.
Rc7 Be7 34. Rd7 Qg5+ 35. Kf3 Qf6+ 36. Kg2 Qg5+ 37. Kf3 Qf6+ 38. Kg2 Qg5+
1/2-1/2

[Event "4NCL/Div1d/SWD1 vs. BET"]
[Site "Staverton Park ENG"]
[Date "2009.05.04"]
[Round "11.2"]
[White "Ledger, Andrew J"]
[Black "Rees, Ioan"]
[Result "1/2-1/2"]
[WhiteElo "2425"]
[BlackElo "2307"]
[PlyCount "47"]
[EventDate "2009.05.04"]
[EventType "team"]
[EventRounds "11"]
[EventCountry "ENG"]
[SourceDate "2008.10.04"]

1. d4 Nf6 2. Nf3 e6 3. c4 d5 4. Bg5 Nbd7 5. e3 c6 6. Nbd2 h6 7. Bh4 g5 8. Bg3
Nh5 9. cxd5 Nxg3 10. hxg3 cxd5 11. g4 b6 12. Bb5 Bg7 13. Ne5 a6 14. Bc6 Ra7 15.
Ba4 Rc7 16. Nc6 Qf6 17. Rh3 h5 18. Ne5 hxg4 19. Rxh8+ Bxh8 20. Rc1 Qd8 21. Nc6
Qf6 22. Ne5 Qd8 23. Nc6 Qf6 24. Ne5 1/2-1/2

[Event "4NCL/Div1d/SWD1 vs. BET"]
[Site "Staverton Park ENG"]
[Date "2009.05.04"]
[Round "11.3"]
[White "Morris, Charles F"]
[Black "Ansell, Simon"]
[Result "0-1"]
[WhiteElo "2197"]
[BlackElo "2394"]
[PlyCount "108"]
[EventDate "2009.05.04"]
[EventType "team"]
[EventRounds "11"]
[EventCountry "ENG"]
[SourceDate "2008.10.04"]

1. c4 e5 2. g3 d6 3. Bg2 f5 4. d4 Be7 5. Nf3 e4 6. Nfd2 Nf6 7. f3 exf3 8. Nxf3
O-O 9. Nc3 Na6 10. O-O c6 11. d5 c5 12. Ng5 Nc7 13. e4 h6 14. Nh3 Nxe4 15. Nf4
Nxc3 16. bxc3 Bf6 17. Bd2 Kh7 18. Re1 g5 19. Nh3 Qd7 20. a4 Qg7 21. Kh1 Bd7 22.
Qc2 Kh8 23. Ng1 Rae8 24. Rf1 Re7 25. Bf3 Ne8 26. Be2 Qg8 27. Bd3 Ng7 28. Rf2
Rff7 29. Raf1 Qe8 30. a5 Qd8 31. Ra1 Rf8 32. Nf3 Ref7 33. Ne1 Kg8 34. Ng2 Be5
35. Rf3 Bc8 36. Qc1 Nh5 37. Qd1 Nf6 38. Qe2 Ne4 39. Bxe4 fxe4 40. Rxf7 Rxf7 41.
Qxe4 Bf5 42. Qe2 Qf6 43. Ne3 Be4+ 44. Kg1 Qg6 45. Ng4 Bg7 46. Nf2 Bf5 47. Qe8+
Kh7 48. Re1 Be5 49. Qb8 a6 50. Rxe5 dxe5 51. Qxe5 b6 52. Be3 Bh3 53. Bd2 Qb1+
54. Be1 Qd3 0-1

[Event "4NCL/Div1d/SWD1 vs. BET"]
[Site "Staverton Park ENG"]
[Date "2009.05.04"]
[Round "11.5"]
[White "Morris, Gareth L"]
[Black "Eames, Robert G"]
[Result "0-1"]
[WhiteElo "2156"]
[BlackElo "2312"]
[PlyCount "60"]
[EventDate "2009.05.04"]
[EventType "team"]
[EventRounds "11"]
[EventCountry "ENG"]
[SourceDate "2008.10.04"]

1. Nc3 c5 2. Nf3 Nc6 3. d4 cxd4 4. Nxd4 Nf6 5. Bg5 Qa5 6. Bxf6 gxf6 7. Nb3 Qe5
8. g3 e6 9. a3 h5 10. h4 d5 11. Bg2 f5 12. e3 b6 13. Qe2 Bb7 14. O-O Bg7 15.
Rab1 a6 16. Rfd1 O-O-O 17. Na4 f4 18. Nxb6+ Kc7 19. gxf4 Qf6 20. Na4 Bf8 21.
Nbc5 Bxc5 22. Nxc5 Rdg8 23. c4 Qxh4 24. Qf3 Rg6 25. Kf1 Rhg8 26. Qh3 Qe7 27.
Nxb7 Rxg2 28. cxd5 exd5 29. Qxh5 d4 30. Nc5 Rxf2+ 0-1

[Event "4NCL/Div1d/SWD1 vs. BET"]
[Site "Staverton Park ENG"]
[Date "2009.05.04"]
[Round "11.6"]
[White "Ledger, David J"]
[Black "James, David J"]
[Result "1-0"]
[WhiteElo "2235"]
[BlackElo "2130"]
[PlyCount "119"]
[EventDate "2009.05.04"]
[EventType "team"]
[EventRounds "11"]
[EventCountry "ENG"]
[SourceDate "2008.10.04"]

1. e4 c5 2. Nf3 d6 3. d4 cxd4 4. Nxd4 Nf6 5. Nc3 a6 6. Be3 e5 7. Nb3 Be6 8. f3
Nbd7 9. Qd2 b5 10. O-O-O Be7 11. g4 Nb6 12. g5 Nfd7 13. Na5 Qc7 14. Nd5 Nxd5
15. exd5 Bf5 16. Nc6 Nb8 17. Nxe7 Qxe7 18. h4 O-O 19. Bh3 Bxh3 20. Rxh3 Nd7 21.
h5 f5 22. gxf6 Nxf6 23. Rg1 Kh8 24. Bg5 Qf7 25. Bxf6 Qxf6 26. Rg6 Qf5 27. Qg2
Qf4+ 28. Kb1 e4 29. Rxg7 Qf6 30. h6 Rae8 31. a3 e3 32. Qe2 Qf5 33. Rhg3 Qxd5
34. Rd7 Rf6 35. Qxe3 Qe5 36. Qxe5 dxe5 37. Rh3 Rg6 38. c3 Kg8 39. Kc2 Ree6 40.
Rd5 Kf7 41. Rd7+ Re7 42. Rd8 Ke6 43. Kb3 Kf5 44. Kb4 Ree6 45. Rd7 Rxh6 46. Rxh7
Rxh3 47. Rxh3 Kf4 48. a4 bxa4 49. Kxa4 Rb6 50. b4 Rc6 51. Kb3 e4 52. fxe4 Kxe4
53. Rh5 Kd3 54. Rd5+ Ke4 55. Rd8 Ke5 56. c4 Rg6 57. b5 axb5 58. cxb5 Rd6 59.
Rc8 Rd1 60. Re8+ 1-0

[Event "4NCL/Div1d/SWD1 vs. BET"]
[Site "Staverton Park ENG"]
[Date "2009.05.04"]
[Round "11.7"]
[White "Roberts, David L"]
[Black "Ledger, Stephen C"]
[Result "1/2-1/2"]
[WhiteElo "2107"]
[BlackElo "2140"]
[PlyCount "139"]
[EventDate "2009.05.04"]
[EventType "team"]
[EventRounds "11"]
[EventCountry "ENG"]
[SourceDate "2008.10.04"]

1. e4 c5 2. Nf3 Nc6 3. d4 cxd4 4. Nxd4 Nf6 5. Nc3 e5 6. Ndb5 d6 7. Nd5 Nxd5 8.
exd5 Ne7 9. c3 Nf5 10. Bd3 Be7 11. a4 O-O 12. O-O a6 13. Na3 Nh4 14. Nc4 f5 15.
f4 exf4 16. Bxf4 Ng6 17. Be3 Ne5 18. Nb6 Rb8 19. a5 Bg5 20. Bd4 g6 21. c4 Bf6
22. Be2 Nd7 23. b4 Nxb6 24. axb6 Bd7 25. c5 Re8 26. Bf3 Bb5 27. Rf2 Re1+ 28.
Qxe1 Bxd4 29. Rd1 dxc5 30. Qe6+ Kg7 31. Rxd4 cxd4 32. Rc2 Qg5 33. Qe5+ Kh6 34.
Qxd4 Re8 35. h4 Qg3 36. Rc1 f4 37. Qf2 Rd8 38. Qe1 Re8 39. Qxg3 fxg3 40. d6 Rd8
41. Rd1 Ba4 42. Rd2 Re8 43. Kf1 Bb5+ 44. Be2 Bxe2+ 45. Rxe2 Rd8 46. Re7 Rxd6
47. Rxb7 Rd4 48. Ra7 Rxb4 49. Rxa6 Kh5 50. Ra7 h6 51. b7 Rb2 52. Ra4 Rxb7 53.
Ke2 Rf7 54. Ke3 Rf2 55. Rb4 Rxg2 56. Kf3 Rg1 57. Ra4 g2 58. Kg3 Rb1 59. Kxg2
Rb3 60. Rc4 Ra3 61. Rb4 g5 62. hxg5 hxg5 63. Rc4 Ra2+ 64. Kg3 Ra3+ 65. Kg2 g4
66. Rc8 Ra2+ 67. Kg3 Ra3+ 68. Kg2 Kh4 69. Rh8+ Kg5 70. Rg8+ 1/2-1/2

[Event "4NCL/Div1d/RIC vs. BRI1"]
[Site "Staverton Park ENG"]
[Date "2009.05.04"]
[Round "11.1"]
[White "Bates, Richard A"]
[Black "Rudd, Jack"]
[Result "0-1"]
[WhiteElo "2384"]
[BlackElo "2357"]
[PlyCount "56"]
[EventDate "2009.05.04"]
[EventType "team"]
[EventRounds "11"]
[EventCountry "ENG"]
[SourceDate "2008.10.04"]

1. d4 Nf6 2. Nf3 e6 3. c4 c5 4. d5 b5 5. Bg5 Qa5+ 6. Nc3 b4 7. Bxf6 gxf6 8. Ne4
Bg7 9. dxe6 dxe6 10. Qd6 Nd7 11. Qc6 b3+ 12. Nfd2 Rb8 13. Nd6+ Ke7 14. Nb5 f5
15. Qd6+ Kd8 16. a3 Bxb2 17. Rd1 Be5 18. Qd3 a6 19. Na7 Bb7 20. f4 Be4 21. fxe5
Bxd3 22. Nc6+ Kc7 23. Nxa5 Bc2 24. Rc1 Nxe5 25. g3 Ng4 26. Bg2 Rhd8 27. Nc6 b2
28. Rxc2 b1=Q+ 0-1

[Event "4NCL/Div1d/RIC vs. BRI1"]
[Site "Staverton Park ENG"]
[Date "2009.05.04"]
[Round "11.2"]
[White "Buckley, David E"]
[Black "Baker, Chris W"]
[Result "1-0"]
[WhiteElo "2265"]
[BlackElo "2351"]
[PlyCount "77"]
[EventDate "2009.05.04"]
[EventType "team"]
[EventRounds "11"]
[EventCountry "ENG"]
[SourceDate "2008.10.04"]

1. d4 Nf6 2. c4 e6 3. Nf3 c5 4. d5 b5 5. dxe6 fxe6 6. cxb5 d5 7. Nc3 Be7 8. e4
d4 9. e5 dxc3 10. exf6 Qxd1+ 11. Kxd1 Bxf6 12. Kc2 cxb2 13. Bxb2 Nd7 14. Bd3
Bb7 15. Rhe1 Bd5 16. Nd2 O-O 17. f3 c4 18. Bxc4 Rac8 19. Bxf6 Rxf6 20. Kd3 Nc5+
21. Ke3 Rf5 22. g4 Rf7 23. Rac1 Rd8 24. Red1 Na4 25. Bxd5 exd5 26. Nb3 Nb2 27.
Rd4 Nc4+ 28. Kf2 Ne5 29. Nd2 g5 30. Kg3 Rf4 31. Rxf4 gxf4+ 32. Kh4 Rd7 33. a4
Kg7 34. a5 Ng6+ 35. Kh3 Kf6 36. b6 axb6 37. axb6 Ke5 38. Nb3 Rb7 39. Nc5 1-0

[Event "4NCL/Div1d/RIC vs. BRI1"]
[Site "Staverton Park ENG"]
[Date "2009.05.04"]
[Round "11.4"]
[White "Dilleigh, Stephen P"]
[Black "Osborne, Marcus E"]
[Result "0-1"]
[WhiteElo "2148"]
[BlackElo "2212"]
[PlyCount "124"]
[EventDate "2009.05.04"]
[EventType "team"]
[EventRounds "11"]
[EventCountry "ENG"]
[SourceDate "2008.10.04"]

1. d4 e6 2. c4 Bb4+ 3. Bd2 a5 4. g3 Nf6 5. Bg2 O-O 6. Qc2 d6 7. Nf3 Nc6 8. O-O
e5 9. d5 Ne7 10. Bxb4 axb4 11. Nbd2 Qe8 12. Ne1 Bg4 13. f3 Bd7 14. e4 c5 15.
Nd3 Ng6 16. b3 Qe7 17. Qb2 Nh5 18. Rf2 Qg5 19. Nf1 Ra3 20. Re1 b5 21. Nc1 bxc4
22. bxc4 Rfa8 23. Qd2 Qxd2 24. Rxd2 Ne7 25. Ne3 Nc8 26. Bf1 Nb6 27. Rd3 Bc8 28.
Rb3 h6 29. Bd3 Nf6 30. Kf2 g5 31. Re2 R3a7 32. Ke1 Na4 33. Nd1 Nh5 34. Rf2 Ng7
35. a3 Rb7 36. Ra2 Rbb8 37. Ra1 Nb6 38. Ra2 bxa3 39. Rbxa3 Rxa3 40. Rxa3 f5 41.
Nc3 Bd7 42. Nb3 g4 43. fxg4 fxg4 44. Nd2 Ne8 45. Nf1 Nf6 46. Ne3 Nc8 47. Bc2
Nh7 48. Ra2 Ng5 49. Ba4 Bxa4 50. Rxa4 Nf3+ 51. Kd1 h5 52. Nf5 Nd4 53. Nxd4 exd4
54. Nb5 Nb6 55. Ra6 Nxc4 56. Nxd6 Ne5 57. Nf5 d3 58. Ne7+ Kf7 59. Nc6 Rb1+ 60.
Kd2 Rb2+ 61. Kc1 d2+ 62. Kd1 Nc4 0-1

[Event "4NCL/Div1d/RIC vs. BRI1"]
[Site "Staverton Park ENG"]
[Date "2009.05.04"]
[Round "11.5"]
[White "Muter, Donny"]
[Black "Curtis, John"]
[Result "1/2-1/2"]
[WhiteElo "2225"]
[BlackElo "2112"]
[PlyCount "55"]
[EventDate "2009.05.04"]
[EventType "team"]
[EventRounds "11"]
[EventCountry "ENG"]
[SourceDate "2008.10.04"]

1. Nf3 d6 2. d4 Nf6 3. c4 Nbd7 4. g3 e5 5. Nc3 Be7 6. Bg2 O-O 7. O-O c6 8. e4
a6 9. a4 a5 10. b3 Re8 11. h3 Bf8 12. Qc2 Qc7 13. Be3 g6 14. Rfd1 exd4 15. Bxd4
Bg7 16. Rd2 Nc5 17. e5 Bf5 18. Qb2 Nd3 19. Rxd3 dxe5 20. Bxe5 Rxe5 21. Nxe5
Qxe5 22. Re3 Qc5 23. Rd1 h5 24. Qe2 Qb4 25. Na2 Qa3 26. Nc3 Qb4 27. Na2 Qa3 28.
Nc3 1/2-1/2

[Event "4NCL/Div1d/RIC vs. BRI1"]
[Site "Staverton Park ENG"]
[Date "2009.05.04"]
[Round "11.6"]
[White "Yap, Xiu-Huan"]
[Black "Cannon, Richard"]
[Result "0-1"]
[WhiteElo "1776"]
[BlackElo "2091"]
[PlyCount "74"]
[EventDate "2009.05.04"]
[EventType "team"]
[EventRounds "11"]
[EventCountry "ENG"]
[SourceDate "2008.10.04"]

1. e4 e6 2. d4 d5 3. Nd2 Nf6 4. e5 Nfd7 5. Bd3 c5 6. c3 Nc6 7. Ne2 cxd4 8. cxd4
f6 9. exf6 Nxf6 10. Nf3 Bd6 11. O-O O-O 12. Re1 Qc7 13. Ng3 e5 14. dxe5 Nxe5
15. Nd4 Nxd3 16. Qxd3 Ng4 17. Nb5 Qc5 18. Be3 Nxe3 19. Rxe3 Bf4 20. Ree1 Bxg3
21. hxg3 Qxf2+ 22. Kh2 Qf5 23. Qb3 Qh5+ 24. Kg1 Bg4 25. Nd4 Rf7 26. Rac1 Rd8
27. Re3 Rdf8 28. Rce1 Rf6 29. Qxb7 Rh6 30. Nf3 Bxf3 31. Rxf3 Rxf3 32. gxf3 Qh1+
33. Kf2 Rh2+ 34. Ke3 Qxe1+ 35. Kf4 Qc1+ 36. Kf5 Qc2+ 37. Ke5 Qxb2+ 0-1

[Event "4NCL/Div1d/SAMS vs. NWE1"]
[Site "Staverton Park ENG"]
[Date "2009.05.04"]
[Round "11.1"]
[White "Ruston, Mark R"]
[Black "Morrison, Graham"]
[Result "0-1"]
[WhiteElo "2092"]
[BlackElo "2347"]
[PlyCount "62"]
[EventDate "2009.05.04"]
[EventType "team"]
[EventRounds "11"]
[EventCountry "ENG"]
[SourceDate "2008.10.04"]

1. e4 c5 2. Nc3 Nc6 3. g3 g6 4. Bg2 Bg7 5. d3 d6 6. Be3 e5 7. Qd2 Nge7 8. f4
Nd4 9. fxe5 dxe5 10. Nd1 O-O 11. Nf2 f5 12. c3 Ne6 13. Ne2 Rb8 14. a4 b6 15.
O-O Qd6 16. Nh3 Ba6 17. Rad1 Rbd8 18. Nc1 Qc7 19. b4 Kh8 20. Qa2 Rd6 21. b5 Bc8
22. Ne2 Qd7 23. Qc4 Bf6 24. Nf2 h5 25. Bc1 Rd8 26. exf5 gxf5 27. Ne4 fxe4 28.
Rxf6 Nd4 29. Rxd6 Nxe2+ 30. Kf2 Qxd6 31. Kxe2 Bg4+ 0-1

[Event "4NCL/Div1d/SAMS vs. NWE1"]
[Site "Staverton Park ENG"]
[Date "2009.05.04"]
[Round "11.2"]
[White "Lyell, Mark"]
[Black "Varnam, Liam D"]
[Result "0-1"]
[WhiteElo "2300"]
[BlackElo "2121"]
[PlyCount "82"]
[EventDate "2009.05.04"]
[EventType "team"]
[EventRounds "11"]
[EventCountry "ENG"]
[SourceDate "2008.10.04"]

1. e4 e5 2. f4 exf4 3. Nf3 g5 4. h4 g4 5. Ne5 Nf6 6. Bc4 d5 7. exd5 Bd6 8. d4
Nh5 9. O-O Qxh4 10. Qe1 Qxe1 11. Rxe1 O-O 12. Nc3 Bf5 13. Bd3 Bxd3 14. cxd3 Na6
15. a3 Rfe8 16. Bd2 Bxe5 17. dxe5 Nc5 18. Nb5 Nxd3 19. Nxc7 Nxe1 20. Rxe1 Red8
21. Nxa8 Rxd5 22. Bb4 Rd3 23. Nc7 Rg3 24. Re2 f3 25. Rc2 Nf4 26. Be1 Rxg2+ 27.
Rxg2 Nxg2 28. Bf2 h5 29. Nd5 Kg7 30. Ne7 Kh6 31. Nf5+ Kg5 32. Nd6 Kg6 33. Bxa7
g3 34. a4 h4 35. a5 Nf4 36. Bb6 h3 37. Ne4 Ne2+ 38. Kh1 Kf5 39. Nxg3+ Nxg3+ 40.
Kh2 Kg4 41. Kg1 Nf1 0-1

[Event "4NCL/Div1d/SAMS vs. NWE1"]
[Site "Staverton Park ENG"]
[Date "2009.05.04"]
[Round "11.3"]
[White "Armstrong, Malcolm"]
[Black "Hague, Ben"]
[Result "0-1"]
[WhiteElo "2051"]
[BlackElo "2282"]
[PlyCount "64"]
[EventDate "2009.05.04"]
[EventType "team"]
[EventRounds "11"]
[EventCountry "ENG"]
[SourceDate "2008.10.04"]

1. d4 d5 2. Nf3 Nc6 3. Bf4 Bg4 4. e3 e6 5. Be2 Bd6 6. Ne5 Bxe2 7. Qxe2 Bxe5 8.
Bxe5 Nxe5 9. dxe5 c6 10. O-O Ne7 11. Nd2 O-O 12. e4 Qb6 13. b3 Ng6 14. Kh1 f6
15. f4 fxe5 16. fxe5 Qd4 17. exd5 exd5 18. Nf3 Qg4 19. Rae1 Rae8 20. Qd2 Nxe5
21. Nxe5 Rxf1+ 22. Rxf1 Rxe5 23. Qf2 h6 24. c3 Re2 25. Qf7+ Kh7 26. Rg1 Rxa2
27. Qxb7 Qg6 28. h3 Rc2 29. Qxa7 Rxc3 30. b4 Qe4 31. Qd7 Rb3 32. Kh2 d4 0-1

[Event "4NCL/Div1d/SAMS vs. NWE1"]
[Site "Staverton Park ENG"]
[Date "2009.05.04"]
[Round "11.4"]
[White "Hulmes, David I"]
[Black "Makepeace, Philip J"]
[Result "1/2-1/2"]
[WhiteElo "2220"]
[BlackElo "2042"]
[PlyCount "49"]
[EventDate "2009.05.04"]
[EventType "team"]
[EventRounds "11"]
[EventCountry "ENG"]
[SourceDate "2008.10.04"]

1. e4 c6 2. d4 d5 3. e5 Bf5 4. Nf3 e6 5. Be2 Nd7 6. O-O c5 7. c3 Ne7 8. Be3 Nc6
9. Nbd2 Be7 10. h3 Qc7 11. Rc1 c4 12. Ne1 O-O 13. g4 Bg6 14. f4 f6 15. Ng2 fxe5
16. fxe5 Rxf1+ 17. Nxf1 b5 18. Nf4 Bf7 19. Qd2 Nf8 20. Bd1 Ng6 21. Bc2 Nxf4 22.
Bxf4 Rf8 23. Nh2 Qd8 24. Rf1 Qe8 25. Bg5 1/2-1/2

[Event "4NCL/Div1d/SAMS vs. NWE1"]
[Site "Staverton Park ENG"]
[Date "2009.05.04"]
[Round "11.5"]
[White "Purton, Ben J"]
[Black "Redmond, John"]
[Result "1-0"]
[WhiteElo "2110"]
[BlackElo "2199"]
[PlyCount "75"]
[EventDate "2009.05.04"]
[EventType "team"]
[EventRounds "11"]
[EventCountry "ENG"]
[SourceDate "2008.10.04"]

1. e4 e6 2. d4 d5 3. Nd2 Nf6 4. e5 Nfd7 5. Bd3 c5 6. c3 b6 7. Qe2 cxd4 8. cxd4
Nc6 9. Ndf3 Nb4 10. a3 Nxd3+ 11. Qxd3 a5 12. Bg5 Be7 13. Bxe7 Qxe7 14. Rc1 Ba6
15. Qd2 O-O 16. Ne2 Rac8 17. O-O Nb8 18. Rxc8 Rxc8 19. Rc1 Rxc1+ 20. Nxc1 Qc7
21. h4 Qc4 22. b3 Qc8 23. Kh2 Nc6 24. Nd3 Ne7 25. Nf4 Qc6 26. Nh5 h6 27. g4 Qb5
28. Nf6+ Kf8 29. Qc1 gxf6 30. exf6 Nc6 31. Qxh6+ Ke8 32. Qh8+ Kd7 33. Qf8 Qe2
34. Qxf7+ Kc8 35. Kg3 Qe4 36. Qe8+ Nd8 37. f7 Bb5 38. Qg8 1-0

[Event "4NCL/Div1d/SAMS vs. NWE1"]
[Site "Staverton Park ENG"]
[Date "2009.05.04"]
[Round "11.7"]
[White "Sainbayar, Anuurai"]
[Black "Connor, Stephen J"]
[Result "0-1"]
[WhiteElo "1590"]
[BlackElo "2060"]
[PlyCount "104"]
[EventDate "2009.05.04"]
[EventType "team"]
[EventRounds "11"]
[EventCountry "ENG"]
[SourceDate "2008.10.04"]

1. d4 Nf6 2. c4 b6 3. Nc3 Bb7 4. Nf3 e6 5. e3 Bb4 6. a3 Bxc3+ 7. bxc3 Ne4 8.
Bb2 f5 9. d5 Qe7 10. Be2 O-O 11. a4 Na6 12. a5 Nac5 13. O-O e5 14. Qc2 h6 15.
Rfb1 g5 16. Ba3 d6 17. Bxc5 dxc5 18. Bd3 Nd6 19. e4 g4 20. Nd2 f4 21. Be2 Qg5
22. f3 h5 23. fxg4 hxg4 24. Kh1 Rae8 25. Rg1 Re7 26. Qd1 Bc8 27. axb6 axb6 28.
g3 f3 29. Bd3 Rh7 30. Nf1 Qg6 31. Qc2 Bd7 32. Ra2 Nf7 33. Ne3 Ng5 34. Nf5 Qf6
35. Qb1 Nf7 36. Nh4 Nd6 37. Rb2 Re7 38. Ra2 Ree8 39. Ra7 Rc8 40. Qb2 Qg5 41.
Qc1 Qg7 42. Qb1 Kh7 43. Ra2 Ra8 44. Rxa8 Rxa8 45. h3 Qg5 46. Qc1 Qxc1 47. Rxc1
Ra2 48. hxg4 Bxg4 49. Rc2 Ra1+ 50. Kh2 Rd1 51. Nxf3 Bxf3 52. g4 Rxd3 0-1